书目信息

书名: 运动控制系统应用及实例解析 
作者: 顾和祥 主编 ;西门子 (中国) 公司 组编
出版信息: 北京   机械工业出版社  2022.2
开本页数: 26cm  340页
丛书名: 西门子工业自动化技术丛书
单 册:
中图分类: TP2
科图分类:
主题词: 运动控制--yun dong kong zhi--控制系统--研究
电子资源:
ISBN: 978-7-111-69512-7
000 01389nam 2200265 450
001 012023001085
005 20220308141637.4
010    @a978-7-111-69512-7@dCNY109.00
100    @a20220308d2022 em y0chiy50 ea
101 @achi
102    @aCN@b110000
105    @aak z 000yy
106    @ar
200 @a运动控制系统应用及实例解析@Ayun dong kong zhi xi tong ying yong ji shi li jie xi@f组编西门子 (中国) 有限公司@g主编顾和祥
210    @a北京@c机械工业出版社@d2022.2
215    @a340页@c图@d26cm
225 @a西门子工业自动化技术丛书@Axi men zi gong ye zi dong hua ji shu cong shu
330    @a本书分为四部分, 第一部分为运动控制概述, 主要讲解了运动控制基本知识、系统组成、类型、特点以及常用名词。第二部分为运动控制功能与应用, 介绍了如速度控制、位置控制、转矩平衡、卷曲、飞剪、横切和位置同步等典型应用。第三部分为实例应用解析, 涉及印刷、包装、物流、金属加工、汽车和起重等众多行业, 每个实例均包括设备概述、系统配置、解决方案及技术要点分析。第四部分为运动控制虚拟调试, 通过实例重点介绍了如何运用TIA博途软件、SIMIT软件和NX MCD软件进行产品的选型及虚拟调试。
410  0 @12001 @a西门子工业自动化技术丛书
606 @a运动控制@Ayun dong kong zhi@x控制系统@x研究
690    @aTP2@v5
701  0 @a顾和祥@Agu he xiang@4主编
712 02 @a西门子 (中国) 公司@Axi men zi (zhong guo) gong si@4组编
801  0 @aCN@bCDNYKJZYXY@c20220308
905    @aCDNYKJZYXY@b300694534-5@dTP2@e230@f2
    
    运动控制系统应用及实例解析/组编西门子 (中国) 有限公司/主编顾和祥.-北京:机械工业出版社,2022.2
    340页:图;26cm.-(西门子工业自动化技术丛书)
    
    
    ISBN 978-7-111-69512-7:CNY109.00
    本书分为四部分, 第一部分为运动控制概述, 主要讲解了运动控制基本知识、系统组成、类型、特点以及常用名词。第二部分为运动控制功能与应用, 介绍了如速度控制、位置控制、转矩平衡、卷曲、飞剪、横切和位置同步等典型应用。第三部分为实例应用解析, 涉及印刷、包装、物流、金属加工、汽车和起重等众多行业, 每个实例均包括设备概述、系统配置、解决方案及技术要点分析。第四部分为运动控制虚拟调试, 通过实例重点介绍了如何运用TIA博途软件、SIMIT软件和NX MCD软件进行产品的选型及虚拟调试。
相关链接 在五车中查询图书 在当当中查询图书 在豆瓣中查询图书


正题名:运动控制系统应用及实例解析     索取号:TP2/230         预约/预借

序号 登录号 条形码 馆藏地/架位号 状态 备注
1 694534   300694534   海科-1楼/3架3列6层/ [索取号:TP2/230] 在馆    
2 694535   300694535   海科-1楼/3架3列6层/ [索取号:TP2/230] 在馆